000 00961cam a2200301 4500
001 9945
003 BD-RjUL
005 20211208234853.0
008 140122s1973 ii 001 0 eng
035 _a(BD-RjUL)9991
040 _aDLC
_cDLC
_dDLC
_dBD-RjUL
_beng
041 _aeng
082 0 0 _a346.5403
_bVAL 1973
_223
100 1 _aVakil, Manharlal Ratanlal.
_930722
245 1 4 _aThe law of torts /
_cby Ratanlal Ranchhoddas and Dhirajlal Keshavlal Thakore.
250 _a20th ed.,
260 _aBombay :
_bBombay Law Reporter [and] N. M. Tripathi,
_c1973.
300 _alxxx, 610 p. ;
_c23 cm.
350 _aRs18.00
504 _aIncludes index.
650 0 _aTorts
_zIndia.
_930723
650 0 _aTorts
_zGreat Britain.
_930724
700 0 2 _aRatanlal Ranchhoddas.
_tEnglish and Indian law of torts. 1973.
_930725
700 1 _aThakore, Dhirajlal Keshavlal.
_915217
700 1 _aSarkar, Amiya K.
_930726
942 _2ddc
_cBK
_01
999 _c9945
_d9945